| 000 | 01778cam a2200361 i 4500 | ||
|---|---|---|---|
| 001 | 18480276 | ||
| 003 | OSt | ||
| 005 | 20240222150237.0 | ||
| 008 | 150204s2015 nyu b 001 0 eng | ||
| 010 | _a 2014048380 | ||
| 020 | _a9781138811447 (hardback) | ||
| 020 | _a9781138811454 (pbk.) | ||
| 020 | _z9781315749280 (ebook) | ||
| 040 |
_aDLC _beng _cDLC _erda |
||
| 042 | _apcc | ||
| 043 | _ae-uk--- | ||
| 050 | 0 | 0 |
_aHN400.C6 _bG35 2015 |
| 082 | 0 | 0 |
_a307.14120941 _223 _bGAL |
| 100 | 1 |
_aGallent, Nick. _923622 |
|
| 245 | 1 | 0 |
_aIntroduction to rural planning : _beconomies, communities and landscapes / _cNick Gallent, Iqbal Hamiduddin, Meri Juntti, Sue Kidd and Dave Shaw. |
| 250 | _a2nd edition. | ||
| 300 |
_axxi, 366 pages ; _c24 cm. |
||
| 490 | 0 | _aThe natural and built environment series | |
| 504 | _aIncludes bibliographical references and index. | ||
| 505 | 0 | _aIntroduction -- Approaches to rural planning -- The economic transition -- Agriculture and beyond -- Rural society and communities -- Accessibility, services and opportunity -- Rural services, public provision and local action -- The rural housing question -- Environment and landscape -- Environmental policy and planning -- Rural, urban or hybrid? -- The paths ahead. | |
| 650 | 0 |
_aRural development _zGreat Britain. _923620 |
|
| 651 | 0 |
_aGreat Britain _xRural conditions. _923621 |
|
| 775 | 0 | 8 |
_iRevision of: _tIntroduction to rural planning _dLondon ; _aNew York : Routledge, 2008. |
| 906 |
_a7 _bcbc _corignew _d1 _eecip _f20 _gy-gencatlg |
||
| 942 |
_2ddc _cREF _aSADA _kREF 307.14120941 GAL |
||
| 999 |
_c608026 _d608026 |
||